[Event "EU-Cup 15th final"]
[Site "Bugojno"]
[Date "1999.10.29"]
[Round "1"]
[White "Svidler, Peter"]
[Black "Golod, Vitali"]
[Result "1-0"]
[WhiteElo "2684"]
[BlackElo "2568"]
[Annotator "Golod,V"]
[PlyCount "61"]
[EventDate "1999.10.29"]
[EventType "team-k.o."]
[EventRounds "3"]
[EventCountry "BIH"]
[SourceTitle "EXT 2020"]
[Source "ChessBase"]
[SourceDate "2019.10.17"]
[SourceVersion "1"]
[SourceVersionDate "2019.10.17"]
[SourceQuality "1"]
[WhiteTeam "St Petersburg"]
[BlackTeam "Beer-Sheva Chess Club"]
[WhiteTeamCountry "RUS"]
[BlackTeamCountry "ISR"]

1. e4 e5 2. Nf3 Nc6 3. Bb5 a6 4. Ba4 Nf6 5. O-O Nxe4 6. d4 b5 7. Bb3 d5 8. dxe5
Be6 9. Nbd2 Bc5 10. Qe2 $5 {Other options are:} (10. Qe1) (10. Nxe4 $5 {
You can see comments to Khalifman,A-Golod,V/ Belgrad,1999/CBM 69 (1/2-1/2)
(Golod,V) (52)}) ({and} 10. c3 $5 {Is the main line.}) 10... Nxd2 ({Badly:} 
10... Bf5 $2 {in view of:} 11. a4 $1 Rb8 (11... b4 12. Nxe4 Bxe4 13. Be3 Bxe3
14. Qxe3 O-O 15. Ng5 $36 {Emms,J-Gretarsson,H/Kopavogur,1994 (1-0)(53)}) 12.
axb5 axb5 13. Nxe4 dxe4 $2 (13... Bxe4 $142 14. Be3 {+=}) 14. Rd1 {+/- Wahls,
M-Mikhalevski,A/ Biel,1992(0-1)(34)}) 11. Bxd2 O-O {This move better than: 11..
.Bg4;11...Nd4;11. ..h6 and 11...Ne7.} 12. Rad1 $5 {Besides this move:} (12. Bg5
) (12. Rfd1 $5) (12. h3) (12. c3) ({and} 12. a4 $5 {repeatedly was checked in
the previous games.}) 12... Be7 $5 {(Rapoport,E)} ({Also can be recommended:} 
12... Ne7 $5 13. Be3 (13. c3 Qd7 14. Nd4 Bg4 15. f3 Bh5 16. Kh1 Rae8 {+/=/=
Kindermann, S-Slobodjan,R/Nussloch, 1996(1/2-1/2)(42)}) 13... Bxe3 14. Qxe3 c6
$5 (14... Bg4 $143 15. h3 Bxf3 16. Qxf3 c6 17. c3 {+= Skold,K-Poulsen,C/
Dubrovnik,1950 (1/2-1/2) (41)}) 15. h3 Nf5 16. Qf4 Qc7 17. Rfe1 Rae8 18. c3 f6
{+/=/= Jansa, V-Pribyl,M/Turnov,1996(1/2-1/2)(62)}) ({and} 12... Re8 $5 {
See comments to Ljubojevic,L-Larsen,B/ Linares,1981(1/2-1/2)(Kharitonov)(57)})
({In my opinion dubious:} 12... Bg4 $6 13. Qd3 $1 Bxf3 14. Qxf3 Nxe5 15. Qf5 {!
} (15. Qxd5 Qxd5 16. Bxd5 Rae8 {+=}) 15... Ng6 $2 (15... Re8 $5) 16. Bxd5 Ne7
17. Bxf7+ Rxf7 18. Qxc5 {+- Wahls,M-Mikhalevski,A/Berlin,1994(1-0)(51)}) ({and
} 12... Qd7 $6) 13. h3 $5 {+/=/=} (13. Be3 $143 Na5 14. Nd2 $6 (14. Nd4 $5)
14... c5 $36 {Doggers, P-Rapoport,E/Dieren,1999(1/2-1/2) (53)}) 13... Na7 $5 {N
} (13... Kh8 $5 14. c3 (14. Qd3 $5) 14... Na5 15. Bc2 c5 16. b3 Nc6 {=
Dervishi,E-Rapoport,E/ Tallinn,1997(0-1)(37)}) 14. c3 ({Interestingly:} 14. Nd4
$5 c5 (14... Qd7 $5 15. Nxe6 fxe6 {+/=/=}) 15. Nxe6 fxe6 16. c3 (16. Qg4 $143
c4 (16... Rf5 $6 17. c3 $36) 17. Qxe6+ (17. Bh6 $2 Rf7 {-+}) 17... Rf7 18. Be3
{~=}) 16... Nc6 17. Qg4 $36) 14... c5 {/\Nc6-a5} 15. Bf4 Nc6 16. Bc2 $5 ({
Senseless:} 16. Rd2 {because of:} Na5) (16. Qd2 $6 Qc7 $1 17. Bxd5 $140 {??}
Rad8 {-+}) 16... Qd7 $5 17. Qd3 g6 $8 18. Qe3 d4 $6 ({Good enough:} 18... Rad8
$5) ({or} 18... Rfd8 $5) 19. cxd4 Nxd4 (19... cxd4 $144 20. Nxd4 {see 19...Nxd4
}) 20. Nxd4 cxd4 21. Rxd4 Bc5 22. Rfd1 $8 (22. Rxd7 $2 Bxe3 23. Bxe3 Bxd7 {-/+}
) 22... Qc7 $5 (22... Bxd4 $5 23. Rxd4 Qc7 24. Be4 {transfer to 22...Qc7} (24.
Bg5 $2 {is refuted by:} Qxc2 25. Bf6 Rac8 $1 (25... g5 $143 26. Qxg5+ Qg6 27.
Qh4 {~=}) (25... Rfc8 $4 26. Rd8+ $1 Rxd8 $140 27. Qh6 Qc1+ 28. Qxc1 {+-}) 26.
Kh2 g5 27. Qxg5+ Qg6 {-/+}) (24. Bh6 $4 Qxc2 25. Qg5 Qf5 {-+})) 23. Be4 {
Is the best move!} ({Worse is:} 23. Qc3 {because of:} b4 $1 24. Rxb4 Rac8 25.
Re4 (25. Rd2 $6 Bxb4 26. Qxb4 Qc4 {=}) 25... Bxf2+ 26. Kxf2 Qb6+ 27. Qd4 Rxc2+
28. Rd2 Rxd2+ 29. Bxd2 Qxd4+ 30. Rxd4 f6 $1 {+/=/=K} (30... Bxa2 $2 31. Ra4 {
+/-})) 23... Bxd4 24. Rxd4 Rad8 25. Rd6 a5 $5 (25... Rxd6 $5 26. exd6 Qd7 27.
Qd4 f5 {+=} (27... f6 $2 28. Bh6 Rf7 29. Qb6 {+/-})) 26. a3 b4 27. axb4 axb4
28. Qd4 Rc8 29. Bc6 $5 ({Another alternative is:} 29. Bh6 $5 Rfd8 (29... Qc5 $2
30. Bxf8 Kxf8 (30... Qc1+ $143 31. Kh2 Rxf8 32. Bd5 {+/-/+-}) 31. Kh2 {+/-})
30. Qxb4 $5 {+=} (30. Bb7 $6 {(Svidler,P)} Rb8 (30... Rxd6 $4 31. exd6) 31. Qh4
f5 $8 32. Rxe6 (32. Qf6 Rxd6 33. exd6 Qxb7 34. Qxe6+ Qf7 35. Qe3 {~=}) 32...
Rxb7 {~})) 29... Rb8 $2 {I made this tactical blunder,because I didn't see 31.
Qh4!} ({Can be recommended:} 29... Qe7 $1 30. Bh6 Rfd8 31. h4 (31. Qf4 $5 f6 $1
32. Rxd8+ Qxd8 33. Ba4 {+=}) 31... f6 $1 32. Bf3 (32. exf6 $6 Rxd6 (32... Qxd6
$4 33. f7+ Bxf7 (33... Kxf7 34. Qg7#) 34. Qg7#) 33. f7+ Qxf7 34. Qxd6 b3 {+/=/=
}) (32. Bd5 $2 Bxd5 $1 (32... Rxd6 $143 33. exd6 Qf7 {~} (33... Qxd6 $4 34.
Qxf6 {+-})) 33. Qxd5+ Kh8 34. exf6 $140 Qxf6 $1 (34... Qxd6 $4 35. Bg7#) (34...
Rxd6 $4 35. Bg7+ Qxg7 36. fxg7+ Kxg7 37. Qxd6 {+-}) 35. Rxf6 Rxd5 {=+}) 32...
fxe5 (32... Bf7 $5) 33. Rxd8+ Rxd8 34. Qxe5 {+/=/=}) 30. Bh6 Rfc8 $4 ({It is
neseccary:} 30... Qe7 31. Bxf8 Kxf8 32. Bd7 {+/-/+-}) 31. Qh4 (31. Qh4 f5 $8 (
31... Qxc6 32. Rxc6 Rxc6 33. Qf6) 32. Rxe6 {+-}) 1-0

[Event "Linares-03"]
[Site "Linares"]
[Date "1981.01.25"]
[Round "7"]
[White "Ljubojevic, Ljubomir"]
[Black "Larsen, Bent"]
[Result "1/2-1/2"]
[WhiteElo "2605"]
[BlackElo "2610"]
[Annotator "Kharitonov,A"]
[PlyCount "114"]
[EventDate "1981.01.17"]
[EventType "tourn"]
[EventRounds "11"]
[EventCountry "ESP"]
[EventCategory "13"]
[SourceTitle "MCL"]
[Source "ChessBase"]
[SourceDate "1999.07.01"]
[SourceVersion "1"]
[SourceVersionDate "1999.07.01"]
[SourceQuality "1"]

1. e4 e5 2. Nf3 Nc6 3. Bb5 a6 4. Ba4 Nf6 5. O-O Nxe4 6. d4 b5 7. Bb3 d5 8. dxe5
Be6 9. Qe2 Bc5 10. Nbd2 (10. Be3 O-O 11. Rd1 Bxe3 12. Qxe3 Ne7 13. Nbd2 Nf5 (
13... Nxd2 14. Rxd2 c6 15. c3 Qc7 16. h3 (16. Qc5 Qa7 $10) 16... c5 17. Bc2
Rfd8 $10 {Ivanov,A-Kharitonov,A/URS/1982/0,5 (29)}) 14. Qe2 Nxd2 15. Qxd2 c6
16. a4 Qb6 17. axb5 axb5 18. c3 $14 {Balashov,Y-Smyslov,V/Tilburg/1977/1:0 (58)
Inf 25/317/}) 10... Nxd2 11. Bxd2 O-O 12. Rad1 (12. Be3 Bxe3 13. Qxe3 Ne7 14.
a4 c6 $10) 12... Re8 (12... Ne7 13. Bg5 c6 $13) 13. a4 (13. Be3 $5) (13. c3 Ne7
14. Bc2 Bf5 $10) 13... Rb8 14. axb5 axb5 15. Be3 Bxe3 16. Qxe3 Ne7 17. c3 c6
18. Bc2 Qb6 19. Nd4 (19. Qxb6 Rxb6 20. b4 Rc8 $10) (19. Qd3 Bf5 20. Qe2 Bxc2
21. Qxc2 c5 $10) 19... c5 20. Nb3 $6 (20. Nxe6 fxe6 21. f4 Rf8 $10) (20. Ne2 $5
) 20... Rec8 (20... b4 $36) 21. Qg5 Qa7 $5 (21... Qc7 $6 22. f4 h6 23. Qh5 $16)
22. f4 $2 (22. Ra1 Qd7 23. Ra6 b4 $13) 22... h6 23. Qh5 $6 (23. Qg3 $142 Bf5 $5
24. Bxf5 Nxf5 25. Qf2 b4 $13) 23... d4 $1 $17 24. Ra1 (24. cxd4 $2 cxd4 25.
Nxd4 Rxc2 $19) (24. f5 Bxb3 25. Bxb3 c4 $19) (24. Nd2 d3 $17) (24. Nc1 $5 Bc4
25. Rf2 dxc3 26. bxc3 Nd5 $17) (24. Nc1 $5) 24... Qb6 25. cxd4 $2 cxd4 26. Bd1
Nf5 $19 27. Nd2 d3+ $2 (27... Ne3 $1 28. Rf2 (28. Re1 d3 29. Kh1 Bd5 $19) 28...
Ra8 $1 29. Rxa8 Rxa8 30. Bf3 (30. Be2 d3 $1) 30... Ra1+ 31. Nf1 d3 $19) 28. Rf2
Qe3 (28... Ra8 $5 29. Rb1 $17) (28... Ne3 $5 $17) 29. Qf3 $1 Qe1+ $2 (29... Qd4
$142 $1 30. Nf1 Rc7 $17) 30. Nf1 Rd8 31. Rd2 $1 $13 Rd4 (31... Nd4 32. Qf2 Qe4
33. Qe3 $1 $13) 32. Ra8 $1 (32. Rxd3 $2 Rxd3 33. Qxd3 Bc4 34. Qf3 Ne3 $19)
32... Rxa8 33. Qxa8+ Kh7 34. Qf3 Bd5 35. Qf2 Qxf2+ (35... Qe4 36. Bf3 $1 (36.
Ng3 Nxg3 37. hxg3 Rb4 38. Bf3 Qc4 39. Bxd5 Qxd5 $17) 36... Qxf4 37. Bxd5 Qxf2+
38. Rxf2 Rxd5 39. Rxf5 d2 40. Nxd2 Rxd2 41. Rxf7 Rxb2 $10) 36. Rxf2 g6 (36...
Rc4 $2 37. g3 Rc1 38. Rd2 Be4 39. Kf2 $16) 37. g3 Kg7 38. Rd2 g5 $1 39. fxg5
hxg5 40. Kf2 Ne7 41. Bf3 Kg6 42. Ke3 Nf5+ 43. Kf2 Bxf3 44. Kxf3 g4+ 45. Kf2 f6
46. exf6 Kxf6 47. Rd1 $1 (47. Ne3 Nd6 $1 $15) 47... Ke5 48. Nd2 Nd6 49. h4 $1
gxh3 (49... Ne4+ 50. Nxe4 Kxe4 51. Re1+ Kd5 52. Ke3 $10) (49... Nc4 50. Nxc4+
bxc4 51. Re1+ Kd5 52. Ke3 $10) 50. Nf3+ Kd5 51. Nxd4 Kxd4 52. g4 $10 Ne4+ 53.
Kf3 b4 54. Rh1 d2 55. g5 $1 $8 (55. Rd1 $2 Kd3 56. Rh1 h2 57. Ra1 Kc2 58. Kxe4
d1=Q 59. Rxd1 Kxd1 $19) 55... Kd3 (55... Nxg5+ 56. Ke2 Ne4 57. Rh2 Kc4 58. Kd1
Kb3 59. Ke2 Ng3+ 60. Kd1 $1 $10) 56. g6 h2 57. g7 Nf6 1/2-1/2

[Event "FIDE World Cup"]
[Site "Khanty-Mansiysk"]
[Date "2005.11.28"]
[Round "1.2"]
[White "Felgaer, Ruben Alejandro"]
[Black "Kaidanov, Gregory S"]
[Result "1-0"]
[WhiteElo "2636"]
[BlackElo "2608"]
[Annotator "Kortschnoj,V"]
[PlyCount "71"]
[EventDate "2005.11.27"]
[EventType "k.o."]
[EventRounds "7"]
[EventCountry "RUS"]
[SourceTitle "CBM 111"]
[Source "ChessBase"]
[SourceDate "2006.04.04"]
[SourceVersion "1"]
[SourceVersionDate "2006.04.04"]
[SourceQuality "1"]

1. e4 {Mikhalevski,V} e5 2. Nf3 Nc6 3. Bb5 a6 4. Ba4 Nf6 5. O-O Nxe4 6. d4 b5
7. Bb3 d5 8. dxe5 Be6 9. Be3 {This is one of the dangerous for black lines in
the Open Spanish.} Bc5 {The theory says: playing for simplifications does not
solve all problems of the black position. 9...Be7 is more solid. However in
this game black managed to get an approximately equal position.} 10. Qe2 O-O {
Other moves, in order to protect better the pawn d5, had been used here - 10...
Ne7 and 10...Qe7 (11.Rd1 Rd8) still with difficulties for black.} 11. Rd1 Bxe3
12. Qxe3 Na5 {Black should reckon all the time with vulnerability of his
central pawn.} ({The logical move} 12... Re8 {would not work out due to} 13. c4
$1 bxc4 (13... Na5 14. cxd5 Nxb3 15. axb3 Bxd5 16. Nc3 Nxc3 17. bxc3 {with the
imminent threat c3-c4.}) 14. Ba4 Nb4 15. Bxe8 Qxe8 16. Ne1 {also with an
obvious edge for white.}) (12... Ne7 {Mikhalevski,V is the main alternative.}
13. c3 Nf5 14. Qe2 Nc5 15. Bc2 Nh4 16. Nxh4 Qxh4 17. Rd4 $14 {Shabalov,
A-Garcia,G, 3rd American Continental 2005/ CBM 109[Mikhalevski,V].}) 13. Nbd2 {
A normal developing move. It seems, that 13.Ne1 or 13.Nd4, trying to exploit
the akwarded location of the knight e4, would cause more problems to black.
But after} (13. Ne1 f6 {black is OK.}) ({Whereas} 13. Nd4 c5 14. Nxe6 fxe6 15.
f3 Qg5 16. Qe2 Qxe5 17. fxe4 c4 {also does not look satisfactory for white.})
13... Nxd2 14. Rxd2 c6 {This line was certainly prepared at home. Black is
going to activate gradually his pawn majority on the queen side.} 15. Re1 {
White moves are not well thought over. 15.h3 was called for. Mikhalevski,V: 'A
novelty. White brings the last piece to play and prepares an attack on the
kingside.'} ({After} 15. Qc5 {he planned to continue} Qc7 {, not being afraid
of} (15... Bg4 $1 {Mikhalevski,V} 16. Rd3 Bxf3 17. Rxf3 Re8 18. Re1 Re6 19. c3
Qe7 $11 {0-1 Klundt,K-Pribyl,M/Schwaebisch Gmuend 1996/EXT 98 (50)} (19... Qg5
$5)) 16. Bxd5 Bxd5 17. Rxd5 Nb7 18. Qc3 b4 19. Qc4 Na5) ({Earlier White tested
other options.} 15. c3 {Mikhalevski,V} Qc7 (15... Rb8 {[%cal Ga5c4]} 16. Qf4
Nc4 17. Re2 f6 $6 18. Bxc4 dxc4 19. Nd4 $14 {1-0 Hjartarson,J-Korneev,O/
Linares 1995/CBM 045 ext (62)}) 16. h3 (16. Nd4 c5 17. Ne2 Rfd8 18. Rad1 Nxb3
19. axb3 $14 {[%csl Rc5,Rd5] 1-0 Minic,D-Honfi,K/Vrnjacka Banja 1966/EXT 99 
(22) and White's knight is superior to Black's bishop. Moroever White can
force weakening of the dark squares by means of b4.}) 16... Rae8 17. Re1 Bf5 {
and Black looked ok in 1-0 Socko,B-Mamedyarov,S/Warsaw 2005/CBM 108 (49)}) (15.
Nd4 $6 {Mikhalevski,V This doesn't make much sense since c5 is Black's main
idea.} Qb6 (15... Qc7 $5 16. c3 Rae8) 16. c3 c5 17. Nxe6 fxe6 18. Re2 (18. Bc2
$1 {keeping the bishop was the only logical follow up of Nd4xe6 manoeuvre.} Nc4
19. Qh3 $1 h6 (19... Nxd2 $2 {loses to} 20. Qxh7+ Kf7 21. Bg6+ Ke7 22. Qxg7+
Kd8 23. Qxf8+ $18) 20. Rd3 {[%cal Gd3g3] with initiative.}) 18... Nxb3 19. axb3
a5 20. Rd1 b4 21. c4 d4 22. Qe4 a4 23. bxa4 Rxa4 24. b3 Ra3 25. Rd3 Rf4 {
0-1 Kovacs,L-Honfi,K/Hungary 1965/MCD}) (15. Ne1 $6 {[%csl Rc5][%cal Ge1d3,
Gd3c5] Mikhalevski,V} Rb8 $1 {[%cal Ga5c4] A nice idea to prevent Nd3. Black
prepares opening of the b-file by means of Nc4.} 16. Rb1 Nc4 17. Bxc4 bxc4 $15
{0-1 Lepelletier,B-Korneev,O/Cannes 1994/EXT 97 (52)}) 15... Qc7 (15... Qe7 {
Mikhalevski,V with a similar idea is more flexible, while} 16. Qb6 {doesn't
look too dangerous. F.e.} Nxb3 17. axb3 c5 18. Ra1 b4 $1 19. Ra5 Rfc8 20. Rxa6
d4 $44 {with compensation for the pawn.}) 16. c3 Rad8 $6 {Played according to
the plan. But at this moment black could play} (16... Bg4 $1 {, thus
exchanging his rather passive bishop for the white knight. Since} 17. Nd4 $6 c5
18. Nc2 $2 c4 {would cost a piece.}) 17. Rd4 {A good move - the white chances
are on the king side. Very often in positions almost similar to this one white
used to sacrifice a pawn, playing Bc2. But not here:} (17. Bc2 Nc4 18. Qd3 g6
19. Rde2 Nxb2 20. Qe3 Bg4 $1 {- eliminating the white knight black achieves
full protection of his king.}) 17... c5 $6 {Played according to the plan. It
would be more subtle to take on b3 first.} ({Still after} 17... Nxb3 18. axb3
c5 19. Rf4 {white had a clear edge.}) ({Instead black had to continue} 17...
Bf5 {having in mind then to play Rde8 + f7-f6. I believe in this case he could
equalise.} 18. Rf4 {Mikhalevski,V} Bg6 {and now} 19. e6 {is not dangerous.} (
19. Nh4 $5) 19... Rfe8 20. exf7+ Bxf7 21. Ne5 Bg6 $11 {with an approximately
equal position.}) 18. Rh4 $6 {Wrong! 18.Rf4 was much stronger.} Bf5 {Also here
black could take on b3, although an intermediary 19.Qd3 looked rather annoying.
} 19. Rf4 {Trying to correct the mistake on the previous move.} Bg6 $2 ({
Correct was} 19... Qc8 $1 {'?!' Mikhalevski,V. , presumably missed by both
players, with a position which I would prefer to play black!  Mikhalevski,V:
'doesn't help to leave the bishop on f5, but Black has a playable position
after'} 20. Nh4 $1 {Mikhalevski,V} Be6 21. Bc2 Nc4 22. Qd3 g6 {despite
weakening of the dark squares.}) (19... Be4 $1 {Mikhalevski,V was a save
continuation.} 20. Ng5 Nxb3 $1 (20... Qxe5 {is worse.} 21. Nxe4 dxe4 22. Rxe4
Qd6 23. Re5 $14 {and White is slightly better thanks to activity of his pieces
and control of the e-file.}) 21. Nxe4 dxe4 22. axb3 Qxe5 23. Rxe4 Qd5 $11) 20.
e6 $16 {Here black has no time to take on b3, due to e6-e7.} Rfe8 21. exf7+
Bxf7 (21... Qxf7 $1 {Mikhalevski,V was necessary.} 22. Ne5 $1 (22. Rxf7 Rxe3
23. Rxg7+ Kxg7 24. fxe3 Kf6 25. Nd2 $14) 22... Qb7 (22... Qc7 {loses to} 23.
Nxg6 $140 Rxe3 24. Bxd5+ $1 $18) 23. Qxc5 Nc4 $1 {and Black obtains some
compebsation for a pawn. F.e.} 24. Bxc4 bxc4 25. b4 cxb3 26. Rb4 (26. axb3 $5
Qxb3 27. Qd4 $11) 26... Rxe5 $1 27. Rxe5 bxa2 28. Re1 Qd7 29. Qa5 Bb1 $44 {
with compensation for the sacrificed exchange.}) 22. Qxe8+ $1 Bxe8 ({Also after
} 22... Rxe8 {Mikhalevski,V} 23. Rxe8+ Bxe8 24. Bxd5+ Bf7 25. Rxf7 Qxf7 26.
Bxf7+ Kxf7 27. Ng5+ $16 {Black's position is hardly defendable.} (27. Kf1 $5
$16)) 23. Bxd5+ Bf7 24. Rxf7 Qxf7 {'?!' Mikhalevski,V.} ({I think that} 24...
Qd6 {Mikhalevski,V would lead to a slightly better version of the game.} 25.
Rd7+ Qxd5 26. Rxd5 Rxd5 $16) 25. Bxf7+ Kxf7 26. Ng5+ Kg6 27. h4 h6 28. Re6+ {
Felgaer is playing this endgame middlegamelike, and it works.} Kf5 29. Rxa6 $18
Nc4 30. Ne6 Rd7 31. b3 Ne5 32. f3 h5 33. Nxc5 Rd1+ 34. Kh2 Rd2 35. Kg3 Ng6 36.
Ne6 1-0

[Event "Brno-A"]
[Site "Brno"]
[Date "1994.??.??"]
[Round "4"]
[White "Hracek, Zbynek"]
[Black "Krasenkow, Michal"]
[Result "1-0"]
[WhiteElo "2530"]
[BlackElo "2595"]
[Annotator "Krasenkow,M"]
[PlyCount "79"]
[EventDate "1994.08.??"]
[EventType "tourn"]
[EventRounds "9"]
[EventCountry "CZE"]
[EventCategory "13"]
[SourceTitle "CBM 043"]
[Source "ChessBase"]
[SourceDate "1994.12.01"]
[SourceVersion "1"]
[SourceVersionDate "1994.12.01"]
[SourceQuality "1"]

1. e4 {Wedberg} e5 2. Nf3 Nc6 3. Bb5 a6 4. Ba4 Nf6 5. O-O Nxe4 6. d4 b5 7. Bb3
d5 8. dxe5 Be6 9. Be3 Bc5 10. Qe2 (10. Qd3 {Wedberg} O-O 11. Nbd2 Bxe3 12. Qxe3
Nxd2 13. Qxd2 Ne7 14. Qc3 (14. c3 $5) 14... a5 15. a4 b4 16. Qc5 Qd7 17. Nd4 c6
18. c3 bxc3 19. bxc3 Qa7 20. Qxa7 Rxa7 $10 {Lobron-Yusupov/Sarajevo/1984}) (10.
Re1 {Wedberg} O-O 11. c3 Bxe3 12. Rxe3 Ne7 13. Nbd2 Bf5 14. Nh4 Nxd2 15. Qxd2
Be6 16. Rd1 c5 17. f4 d4 18. cxd4 c4 19. Bc2 Nd5 20. Nf3 Nxf4 21. Ra3 $14 {
Glek-Gorelov/Katowice/1992}) 10... Ne7 {!? Wedberg} 11. Nbd2 Bxe3 12. Qxe3 Nxd2
13. Qxd2 c5 14. c3 Qd7 15. Rad1 O-O $6 (15... h6 16. Nh4 $5 $14) 16. Ng5 $1 Bf5
$6 (16... Rad8 17. Bc2 $1 (17. Nxe6 {Wedberg} fxe6 18. f4 $14) 17... Bf5 $1 (
17... h6 $2 18. Nh7 $1 Rfe8 19. Nf6+ $1 gxf6 20. exf6 $18) 18. Rfe1 Rfe8 $14)
17. Bxd5 {+/- Wedberg} Qxd5 18. Qxd5 Nxd5 19. Rxd5 h6 20. Nf3 Rfc8 21. Rd6 $1
a5 22. a3 Rab8 (22... b4 23. Nh4 $5 (23. axb4 axb4 24. cxb4 Rab8 $1 25. bxc5
Rxc5 26. Nd4 Bd3 27. Rd1 Bc4) 23... Be6 24. f4) 23. Nh4 $1 Be6 24. f4 $18 b4
25. f5 Bc4 26. Re1 bxc3 27. bxc3 Rd8 (27... Rb3 28. e6 Rxc3 (28... fxe6 29.
fxe6 Re8 30. e7 {/\Rd8, Nf5+-} (30. Nf5 {Wedberg} Rxc3 31. e7 $18)) 29. e7 Re8
30. Rd8 Bb5 31. Rb1 $18) 28. Rxd8+ Rxd8 29. e6 fxe6 30. fxe6 Re8 31. e7 Bd3 32.
Nf3 $1 Bg6 (32... Bb5 33. Kf2 Kf7 34. Ne5+ Kxe7 35. Nc4+ $18) 33. Kf2 Rb8 34.
Ne5 $1 Be8 35. Nc4 Kf7 36. Nd6+ Kf6 37. Kg3 Ra8 38. h4 g6 39. h5 gxh5 40. Kh4
$138 1-0